MARC

LEADER 00000nab a2200000 a 4500
001 vtls000119897
003 SK-MaSNL
005 20260305002220.0
008 240322c1982 xo 0 slo
015 |a SNBRB19rr/mm-uuuuu 
035 |a CL0130002 
040 |a SNKBUCL  |b slo  |c SNKBUCL  |e AACR2 
041 0 |a slo 
044 |a xo  |c SK 
080 |a 885.0-1(087.5)  |2 1981 
100 1 |a Čarek, Jan,  |d 1898-1966  |4 aut  |9 306157 
245 1 0 |a Cvrček  |c Jan Čarek ; Milan Rúfus, Eugénia Lehotská 
650 0 7 |a rečňovanky  |2 snkbucl  |9 278360 
650 0 7 |a literatúra pre deti a mládež  |2 snkbucl  |9 21893 
655 7 |a články z novín a časopisov  |2 snkbucl  |9 267496 
655 7 |a články z odboru literárna veda a krásna literatúra  |2 snkbucl  |9 770045 
700 1 |a Rúfus, Milan,  |d 1928-2009  |4 trl  |9 108568 
700 1 |a Lehotská, Eugénia,  |d 1943-  |4 gup  |9 115044 
773 0 |t Včielka  |g Roč. 24, č. 18 (1982), s. 5 
850 |a Slovenská národná knižnica v Martine  |a MTA001 
852 |a SNK  |b KIS3GCP 
958 |a RK 
958 |a CZ 
958 |a LX 
958 |a SK 
992 |a RBX 
999 |c 3224421  |d 3226351